000 00789nam a22002177a 4500
003 BUBTL
008 181217b xxu||||| |||| 00| 0 eng d
020 _a9788131723685
082 _a657.42/ H7845c/ 2009
100 _931
_a Horngren, Charles T.
245 _aCost Accounting : a managerial emphasis /
_cCharles T. Horngren, Srikant M. Datar and George Foster Madhav V. Rajan Christopher Ittner
250 _a13th
260 _aDelhi
_bPearson
_cc2009
300 _a[xxiii], 1018p. :
_bChart, Table, Graph ; 28cm .
500 _aIncludes Index .
650 0 _951
_aCost Accounting
700 _92082
_aCharles T. Horngren, Srikant M. Datar and George Foster Madhav V. Rajan Christopher Ittner
856 _k0
_l0
_yDownload
942 _2ddc
_cBK
999 _c5841
_d5841